000
00253nam a22001217a 4500
008
170913b xxu||||| |||| 00| 0 eng d
041
_a
eng
080
_2
2ND
_a
53
100
_a
43
101
_a
FIZ
245
_a
PHYSICS
_c
FREEMAN,I.M
942
_2
udc
_c
BK
999
_c
27470
_d
27470